Länder der Welt - Rückwärts - Statistiken

Allgemein
  • Dieses Quiz wurde 79 mal gespielt
  • Das Durchschnittsergebnis liegt bei 71 aus 196
Antworten auf der Karte
Die Antworten werden auf der Karte rot bzw. grün angezeigt, abhängig davon wie oft sie richtig erraten wurden.
 
Antwortstatistiken
Land % Korrekt
adanaK
77%
anihC
66%
dnalsI
63%
dnalssuR
63%
napaJ
61%
dnalrI
59%
neloP
59%
okixeM
59%
neilatI
57%
dnalhcstueD
55%
dnalnniF
55%
ureP
55%
ziewhcS
55%
elihC
54%
karI
54%
narI
54%
neidnI
54%
abuK
52%
hcierknarF
52%
ilaM
52%
dnaltsE
50%
lagutroP
50%
namO
50%
nedewhcS
50%
ogoT
50%
soaL
50%
agnoT
48%
ielognoM
48%
lapeN
48%
naduS
48%
negewroN
48%
nemeJ
48%
alognA
46%
dnaltteL
46%
iekrüT
46%
itiaH
46%
kramenäD
46%
neinapS
46%
amanaP
45%
nadusdüS
45%
natuhB
45%
neilartsuA
45%
airegiN
43%
anahG
43%
dahcsT
43%
dnaliahT
43%
eniarkU
43%
manteiV
43%
neilisarB
43%
rataK
43%
regiN
43%
aerokdroN
41%
aerokdüS
41%
aibimaN
41%
aibmaS
41%
ailamoS
41%
aomaS
41%
dnaleesueN
41%
hcierretsÖ
41%
natsikaP
41%
neigleB
41%
nineB
41%
suraleB
41%
ualaP
41%
ainek
39%
aknaL irS
39%
ednalredeiN
39%
natshcasaK
39%
neibmuloK
39%
neiryS
39%
neisenodnI
39%
netpygÄ
39%
neuatiL
39%
nrepyZ
39%
ognok kilbupeR
39%
ognoK kilbupeR ehcsitarkomeD
39%
ovosoK
39%
ramnayM
39%
aleuzeneV
38%
anayuG
38%
atlaM
38%
ezileB
38%
nawiaT
38%
neibreS
38%
neireglA
38%
neitaorK
38%
neiviloB
38%
neybiL
38%
nragnU
38%
nubaG
38%
okkoraM
38%
rodauce
38%
samahaB
38%
yaugurU
38%
dnalnehceirG
36%
learsI
36%
neinemrA
36%
neinewolS
36%
neinitnegrA
36%
neiragluB
36%
neisenuT
36%
netaatS etginiereV
36%
sarudnoH
36%
uruaN
36%
yaugaraP
36%
aeniuG
34%
aertirE
34%
ahcsdobmaK
34%
akirfadüS
34%
alametauG
34%
iekawolS
34%
ihcsdiF
34%
natsikebsU
34%
neigroeG
34%
neihcehcsT
34%
neinabla
34%
nuremaK
34%
ulavuT
34%
aciR atsoC
32%
adnagU
32%
aibmaG
32%
aisyalaM
32%
emaniruS
32%
itabiriK
32%
lageneS
32%
natsinahgfA
32%
neinämuR
32%
neipoihtÄ
32%
nenomolaS
32%
niarhaB
32%
adnauR
30%
ainasnaT
30%
airebiL
30%
arrodnA
30%
augaraciN
30%
hcsedalgnaB
30%
iwalaM
30%
kibmasoM
30%
neinodezamdroN
30%
neiwadloM
30%
raksagadaM
30%
utaunaV
30%
neibarA-iduaS
29%
neinadroJ
29%
neinateruaM
29%
neromoK
29%
nonabiL
29%
rodavlaS lE
29%
tiawuK
29%
aeniugueN-aupaP
27%
akiamaJ
27%
anawstoB
27%
grubmexuL
27%
ienurB
27%
natsinemkruT
27%
neisenorkiM nov netaatS etreiredöF
27%
nenippilihP
27%
ocanoM
27%
orgenetnoM
27%
aniwogezreH dnu neinsoB
25%
edreV paK
25%
hcierginöK setginiereV
25%
idnuruB
25%
natsisigriK
25%
nlesnillahsraM
25%
ohtoseL
25%
romittsO
25%
epicnírP dnu émoT oãS
23%
etsükniebneflE
23%
ewbabmiS
23%
itubihcsD
23%
nahcsdiabresA
23%
nevidelaM
23%
oniraM naS
23%
osaF anikruB
23%
rupagniS
23%
sodabraB
23%
tdatsnakitaV
23%
adanerG
21%
enoeL arreiS
21%
natsikihcsdaT
21%
nellehcyeS
21%
acinimoD
20%
adubraB dnu augitnA
20%
aicuL .tS
20%
nenidanerG eid dnu tnecniV .tS
20%
ogaboT dnu dadinirT
20%
suitiruaM
20%
uassiB-aeniuG
20%
initawsE
18%
kilbupeR ehcsinakinimoD
18%
nietsnethceiL
18%
siveN dnu sttiK .tS
18%
aeniuG-lairotauqÄ
14%
etarimE ehcsibarA etginiereV
14%
kilbupeR ehcsinakirfalartneZ
13%
Keine übereinstimmenden Quizze gefunden
Verteilung der Resultate
Anzahl Personen mit jedem Resultat
Perzentil nach korrekt beantworteten Fragen
Ihre Resultats-Entwicklung
Sie haben dieses Quiz noch nicht gespielt